Ústavné východiská volebného práva.
Dnešné ústavné východiská volebného práva vychádzajú aj z Listiny ľudských práv a slobôd, ktorá bola 9. januára 1991 schválená ako ústavný zákon. Mení sa zaradenie volebného práva v poradí politických práv zakotvených v ústave, mení sa aj dikcia vlastných zásad. Charakteristika predpokladov úspešnej...
Salvato in:
| Autore principale: | |
|---|---|
| Natura: | Capitolo di libro |
| Lingua: | slovacco |
| Soggetti: | |
| Tags: |
Nessun Tag, puoi essere il primo ad aggiungerne!!
|
MARC
| LEADER | 00000naa a2200000 4500 | ||
|---|---|---|---|
| 001 | r007955 | ||
| 005 | 20220831085639.5 | ||
| 041 | 0 | |a slo | |
| 044 | |a [CS] | ||
| 245 | 1 | 0 | |a Ústavné východiská volebného práva. |c J. Hřebejk |
| 520 | |a Dnešné ústavné východiská volebného práva vychádzajú aj z Listiny ľudských práv a slobôd, ktorá bola 9. januára 1991 schválená ako ústavný zákon. Mení sa zaradenie volebného práva v poradí politických práv zakotvených v ústave, mení sa aj dikcia vlastných zásad. Charakteristika predpokladov úspešnej realizácie volebného práva. | ||
| 610 | 2 | 0 | |a voľby |
| 610 | 2 | 0 | |a ČSFR |
| 610 | 2 | 0 | |a právo ústavné |
| 610 | 2 | 0 | |a práva ľudské |
| 100 | 1 | |a Hřebejk, J. | |